Váhostav neváha- stavebníctvo v ofsajde

Bibliographic Details
Main Authors: Voštiaková, Veronika (ain), Belčák, Vojtech, 1938-2022 (Author, uin)
Format: Article
Language:Slovak
PhysicalDescription:Grafy
ISSN:1335-4124
Subjects:

MARC

LEADER 00000nab a2200000 a 4500
001 vtls000691669
003 SK-MaSNL
005 20260305025421.0
008 180206c1999 xo 0 slo
015 |a SNBRB1999/05-11721 
035 |a CLN000043836 
040 |a SNKBUCL  |b slo  |c SNKBUCL  |e AACR2 
041 0 |a slo 
044 |a xo  |c SK 
080 |a 69:061.5(437.6)  |2 UDC-MRF-SK2 
080 |a 626/627  |2 UDC-MRF-SK2 
100 1 |a Voštiaková, Veronika  |4 ain  |9 1605631 
245 1 0 |a Váhostav neváha-  |b stavebníctvo v ofsajde  |c Veronika Voštiaková, Vojtech Belčák 
300 |b Grafy 
610 2 7 |a Váhostav (Žilina, Slovensko)  |2 snkbucl  |9 34140 
651 7 |a Žilina (Slovensko : okres)  |2 snkbucl  |9 56327 
655 7 |a články z novín a časopisov  |2 snkbucl  |9 267496 
700 1 |a Belčák, Vojtech,  |d 1938-2022  |4 aut  |4 uin  |9 246327 
773 0 |x 1335-4124  |t Hospodársky denník  |g Roč. 1, č. 69 (26.5.1999), s. 1 a 7 
850 |a Slovenská národná knižnica v Martine 
852 |a SNK  |b KIS3GCP 
958 |a RBX 
999 |c 3305613  |d 3307543